[Event "Africa-ch U2300"]
[Site "Mombasa"]
[Date "2022.11.29"]
[Round "3"]
[White "Musasizi, Emmanuel"]
[Black "Egesa, Emmanuel"]
[Result "1-0"]
[WhiteElo "1985"]
[BlackElo "2135"]
[PlyCount "43"]
[EventDate "2022.11.27"]
[EventType "swiss"]
[EventRounds "9"]
[EventCountry "KEN"]
[SourceTitle "EXT 2024"]
[Source "ChessBase"]
[SourceDate "2023.10.10"]
[SourceVersion "1"]
[SourceVersionDate "2023.10.10"]
[SourceQuality "1"]

1. e4 c5 2. Nf3 e6 3. d4 cxd4 4. Nxd4 Nf6 5. Bd3 Nc6 6. Nxc6 bxc6 7. 0-0 d5 8. Nc3 Be7 9. Re1 a5 10. Qe2 Qb6 11. e5 Nd7 12. Qg4 g6 13. Rb1 Ba6 14. Bg5 Qd8 15. Bh6 Bf8 16. Bg5 Be7 17. Bh6 Bf8 18. Bg5 h5 19. Qxe6+ Be7 20. Bxg6 Rf8 21. Bxe7 Qxe7 22. Qxc6 1-0

[Event "Africa-ch U2300"]
[Site "Mombasa"]
[Date "2022.11.28"]
[Round "2"]
[White "Egesa, Emmanuel"]
[Black "Lemmy, Chishala"]
[Result "1/2-1/2"]
[WhiteElo "2135"]
[BlackElo "1996"]
[PlyCount "87"]
[EventDate "2022.11.27"]
[EventType "swiss"]
[EventRounds "9"]
[EventCountry "KEN"]
[SourceTitle "EXT 2024"]
[Source "ChessBase"]
[SourceDate "2023.10.10"]
[SourceVersion "1"]
[SourceVersionDate "2023.10.10"]
[SourceQuality "1"]

1. d4 Nf6 2. c4 c5 3. d5 b5 4. cxb5 a6 5. f3 d6 6. e4 g6 7. Nc3 Bg7 8. Bc4 0-0 9. Nge2 Nbd7 10. 0-0 Ne5 11. b3 Nfd7 12. f4 Nxc4 13. bxc4 Nb6 14. Qb3 Nxc4 15. Rb1 Na5 16. Qc2 axb5 17. Nxb5 f5 18. Ng3 Bd7 19. exf5 Rxf5 20. Qe4 Nb7 21. a4 c4 22. Qxc4 Nc5 23. Rb4 Qa5 24. Bd2 Na6 25. Nxd6 Nxb4 26. Bxb4 Qa7+ 27. Bc5 Qxa4 28. Qxa4 Rxa4 29. Ndxf5 gxf5 30. Bxe7 Rd4 31. d6 Rd2 32. Rc1 Bd4+ 33. Kf1 Bb5+ 34. Ke1 Rxg2 35. Nxf5 Bb6 36. Rc8+ Kf7 37. Rf8+ Ke6 38. Rf7 Ba5+ 39. Kd1 Ba4+ 40. Kc1 Bc3 41. Rg7 Bd2+ 42. Kb1 Rxg7 43. Nxg7+ Kf7 44. Nh5 1/2-1/2

[Event "Africa-ch U2300"]
[Site "Mombasa"]
[Date "2022.11.27"]
[Round "1"]
[White "Mcligeyo, Robert Oluka"]
[Black "Egesa, Emmanuel"]
[Result "1-0"]
[WhiteElo "1786"]
[BlackElo "2135"]
[PlyCount "49"]
[EventDate "2022.11.27"]
[EventType "swiss"]
[EventRounds "9"]
[EventCountry "KEN"]
[SourceTitle "EXT 2024"]
[Source "ChessBase"]
[SourceDate "2023.10.10"]
[SourceVersion "1"]
[SourceVersionDate "2023.10.10"]
[SourceQuality "1"]

1. Nf3 d5 2. d4 Nf6 3. c4 e6 4. Nc3 Be7 5. Bf4 0-0 6. e3 c5 7. dxc5 Bxc5 8. Bg5 Bb4 9. Qb3 Nc6 10. Rd1 dxc4 11. Qxc4 Qa5 12. Bxf6 gxf6 13. Bd3 Bxc3+ 14. bxc3 Qh5 15. Qf4 Kg7 16. Qg3+ Kh8 17. Qf4 f5 18. h3 Rg8 19. Ne5 f6 20. Nxc6 bxc6 21. g4 Rxg4 22. Be2 Rxf4 23. Bxh5 Rh4 24. Rd8+ Kg7 25. Bf3 1-0

[Event "Mombasa op"]
[Site "Shanzu"]
[Date "2022.10.09"]
[Round "3"]
[White "Egesa, Emmanuel"]
[Black "Kagiri, Martin"]
[Result "1-0"]
[WhiteElo "2134"]
[BlackElo "1758"]
[PlyCount "101"]
[EventDate "2022.10.08"]
[EventType "swiss"]
[EventRounds "6"]
[EventCountry "KEN"]
[SourceTitle "EXT 2024"]
[Source "ChessBase"]
[SourceDate "2023.10.10"]
[SourceVersion "1"]
[SourceVersionDate "2023.10.10"]
[SourceQuality "1"]

1. d4 Nf6 2. c4 g6 3. Nc3 Bg7 4. e4 d6 5. Bd3 c6 6. Nge2 a6 7. a4 a5 8. h3 Na6 9. Be3 Nb4 10. 0-0 e5 11. Qd2 0-0 12. Rad1 Nd7 13. Bb1 Qe7 14. f4 exd4 15. Nxd4 Nc5 16. Nde2 Nb3 17. Qxd6 Qxd6 18. Rxd6 Be6 19. c5 Bc4 20. Re1 Bxe2 21. Rxe2 Na6 22. Bc2 Nbxc5 23. Kf2 Rfe8 24. Kf3 Re6 25. Rxe6 Nxe6 26. Rd2 Nec5 27. g4 Bf6 28. e5 Be7 29. f5 Nb4 30. Bb1 Bf8 31. Ne4 Nxe4 32. Bxe4 Re8 33. f6 Na6 34. Rd7 Nc5 35. Bxc5 Bxc5 36. Kf4 Bg1 37. Rxb7 Bh2+ 38. Kf3 Bxe5 39. g5 c5 40. Bd5 Rf8 41. Rb5 Rc8 42. Bc4 h6 43. h4 hxg5 44. hxg5 Bd4 45. Rxa5 Bxb2 46. Ra7 Rf8 47. a5 Bc1 48. Kg4 Rd8 49. Bxf7+ Kf8 50. Bxg6 Rd4+ 51. Kh5 1-0

[Event "Olympiad-44"]
[Site "Chennai"]
[Date "2022.08.02"]
[Round "5.4"]
[White "Al Kathiri, Mana"]
[Black "Egesa, Emmanuel"]
[Result "1/2-1/2"]
[WhiteElo "1598"]
[BlackElo "2152"]
[PlyCount "153"]
[EventDate "2022.07.29"]
[EventType "team-swiss"]
[EventRounds "11"]
[EventCountry "IND"]
[SourceTitle "CBM 210"]
[Source "ChessBase"]
[SourceDate "2022.10.31"]
[SourceVersion "1"]
[SourceVersionDate "2022.10.31"]
[SourceQuality "1"]
[WhiteTeam "Oman"]
[BlackTeam "Uganda"]
[WhiteTeamCountry "OMN"]
[BlackTeamCountry "UGA"]

1. d4 Nf6 2. Nf3 d5 3. Bf4 c5 4. e3 Nc6 5. Nbd2 e6 6. c3 Bd6 7. Bg3 0-0 8. Bd3 Qe7 9. Ne5 Bxe5 10. dxe5 Nd7 11. f4 f6 12. exf6 Nxf6 13. 0-0 e5 14. Bb5 e4 15. Bh4 a6 16. Bxc6 bxc6 17. Qa4 Bd7 18. Qa3 Rfb8 19. Rac1 Qe8 20. Bxf6 gxf6 21. Nb3 c4 22. Nd4 Qf8 23. Qxf8+ Kxf8 24. Rc2 Rb6 25. h3 Rab8 26. b4 a5 27. a3 axb4 28. axb4 Ra6 29. f5 Rba8 30. Kh2 Ra2 31. Rxa2 Rxa2 32. Kg3 Rd2 33. Rc1 Ke7 34. Rc2 Rd1 35. Kf2 Kd6 36. g4 Rh1 37. Kg2 Re1 38. Ne2 Ra1 39. Rb2 Be8 40. h4 Ke5 41. Nd4 Bd7 42. Rf2 Ra3 43. g5 Be8 44. g6 hxg6 45. fxg6 Bxg6 46. Nxc6+ Ke6 47. Nd4+ Ke7 48. Rc2 Be8 49. Kg3 Ra1 50. Rd2 Rg1+ 51. Rg2 Re1 52. Kf4 Rf1+ 53. Kg3 Bd7 54. Kh2 Be8 55. Rg7+ Kd6 56. Rg8 Bf7 57. Rg2 Rb1 58. Kg3 Rc1 59. Ra2 Be8 60. Ra6+ Ke7 61. Re6+ Kf7 62. Rd6 Rxc3 63. Rxd5 Rxe3+ 64. Kf4 Rh3 65. h5 e3 66. b5 e2 67. Nxe2 Rb3 68. Nd4 Rb1 69. Rc5 c3 70. Rc7+ Kg8 71. h6 Bxb5 72. Rxc3 Rf1+ 73. Rf3 Rxf3+ 74. Kxf3 Bd7 75. Kf4 Kh7 76. Ne2 Kxh6 77. Nd4 1/2-1/2

[Event "UGA olympic qual"]
[Site "Kampala"]
[Date "2022.03.05"]
[Round "1"]
[White "Egesa, Emmanuel"]
[Black "Musasizi, Emmanuel"]
[Result "1-0"]
[WhiteElo "2123"]
[BlackElo "1939"]
[PlyCount "87"]
[EventDate "2022.03.05"]
[EventType "tourn"]
[EventRounds "13"]
[EventCountry "UGA"]
[SourceTitle "EXT 2023"]
[Source "ChessBase"]
[SourceDate "2022.10.05"]
[SourceVersion "1"]
[SourceVersionDate "2022.10.05"]
[SourceQuality "1"]

1. d4 Nf6 2. c4 e6 3. Nf3 d5 4. g3 dxc4 5. Bg2 a6 6. 0-0 Nc6 7. Nc3 Rb8 8. e4 b5 9. d5 Nb4 10. Qe2 Nd3 11. Nd4 Bb7 12. b3 Nxc1 13. Raxc1 b4 14. Na4 c3 15. Rfd1 e5 16. Nf5 g6 17. Ne3 Bd6 18. a3 bxa3 19. Rxc3 0-0 20. Nc5 Nd7 21. Nxd7 Qxd7 22. Nc4 Qb5 23. Qa2 Bb4 24. Rc2 Qe8 25. Nxa3 Qe7 26. Nc4 a5 27. Qa1 f6 28. Nxa5 Ra8 29. Ra2 Bxa5 30. Rxa5 Qb4 31. Rxa8 Rxa8 32. Qb2 Ra3 33. Rb1 Ba6 34. Qc2 Qd6 35. Rc1 Qb6 36. Bh3 Rxb3 37. Be6+ Kf8 38. h4 Rxg3+ 39. Kh2 Rf3 40. Kg2 Rb3 41. Qxc7 Qxc7 42. Rxc7 f5 43. d6 Rb6 44. Rf7+ 1-0

[Event "UGA-chT 2122"]
[Site "Kampala"]
[Date "2021.11.14"]
[Round "4.2"]
[White "Nsubuga, Haruna"]
[Black "Egesa, Emmanuel"]
[Result "1/2-1/2"]
[WhiteElo "2153"]
[BlackElo "2091"]
[PlyCount "102"]
[EventDate "2021.10.24"]
[EventType "team-swiss"]
[EventRounds "14"]
[EventCountry "UGA"]
[SourceTitle "EXT 2023"]
[Source "ChessBase"]
[SourceDate "2022.10.05"]
[SourceVersion "1"]
[SourceVersionDate "2022.10.05"]
[SourceQuality "1"]
[WhiteTeam "Mulago Kings"]
[BlackTeam "DMark CC"]
[WhiteTeamCountry "UGA"]
[BlackTeamCountry "UGA"]

1. e4 c5 2. Nf3 d6 3. d4 cxd4 4. Nxd4 Nf6 5. Nc3 a6 6. Be2 e5 7. Nb3 Be7 8. 0-0 0-0 9. Be3 Be6 10. f3 b5 11. a3 Nbd7 12. Rf2 Nb6 13. Bf1 d5 14. exd5 Nbxd5 15. Nxd5 Nxd5 16. Bc5 Rc8 17. Bxe7 Qxe7 18. Qe1 Qg5 19. Re2 f6 20. Qg3 Qf5 21. Rd2 Nf4 22. Qf2 Qg6 23. Kh1 Qf7 24. Nc5 Rc6 25. Rad1 Bc8 26. b4 Ne6 27. c4 Nd4 28. cxb5 axb5 29. Bd3 Qa7 30. Nb3 Rc3 31. Nxd4 exd4 32. Bxb5 Qxa3 33. Qxd4 Be6 34. Rd3 Rxd3 35. Bxd3 Bf7 36. Ra1 Qb3 37. b5 Rb8 38. b6 Qd5 39. Qxd5 Bxd5 40. Rb1 g6 41. h4 Kf7 42. Kh2 Ke6 43. h5 f5 44. Kg3 Ke5 45. Rb4 Rg8 46. b7 Rb8 47. f4+ Ke6 48. Rb6+ Kf7 49. hxg6+ hxg6 50. Kf2 Rxb7 51. Rxb7+ Bxb7 1/2-1/2

[Event "Kampala m1"]
[Site "Kampala"]
[Date "2021.10.03"]
[Round "8"]
[White "Nsubuga, Haruna"]
[Black "Egesa, Emmanuel"]
[Result "0-1"]
[WhiteElo "2153"]
[BlackElo "2091"]
[PlyCount "90"]
[EventDate "2021.09.30"]
[EventType "match"]
[EventRounds "8"]
[EventCountry "UGA"]
[SourceTitle "EXT 2023"]
[Source "ChessBase"]
[SourceDate "2022.10.05"]
[SourceVersion "1"]
[SourceVersionDate "2022.10.05"]
[SourceQuality "1"]

1. d4 Nf6 2. Nf3 d5 3. g3 e6 4. Bg2 b5 5. 0-0 Bb7 6. Ne5 Nbd7 7. c4 bxc4 8. Nxc4 c6 9. Ncd2 c5 10. Nb3 cxd4 11. Nxd4 Be7 12. Nc3 0-0 13. b3 Rc8 14. Bb2 Qa5 15. a3 Rfd8 16. e3 Ba6 17. Re1 Qb6 18. b4 Bc4 19. Nb3 Qa6 20. Na5 Ne5 21. Nxc4 dxc4 22. Qc2 Nd3 23. Red1 Ng4 24. Ne4 f5 25. h3 fxe4 26. hxg4 Nxb2 27. Qxb2 Bf6 28. Qa2 Bxa1 29. Rxa1 c3 30. b5 Qb6 31. Bxe4 Rd2 32. Qb3 Rb2 33. Qd1 c2 34. Qd7 Rd8 35. Qe7 Qd6 36. Qh4 g6 37. Kg2 Qf8 38. Rc1 Rd2 39. Bf3 Rb1 40. Qh1 Rd1 41. Rxd1 cxd1Q 42. Bxd1 Qa8+ 43. e4 Qxe4+ 44. f3 Qd5 45. Qe1 Rxd1 0-1

[Event "Online Olym Div4 B"]
[Site "Chess.com INT"]
[Date "2021.08.20"]
[Round "1.3"]
[White "Egesa, Emmanuel"]
[Black "Khaleda, A Hemaid"]
[Result "1-0"]
[WhiteElo "2053"]
[BlackElo "1946"]
[PlyCount "109"]
[EventDate "2021.08.20"]
[EventType "team (rapid)"]
[EventRounds "11"]
[EventCountry "USA"]
[SourceTitle "CBM 203 Extra"]
[Source "ChessBase"]
[SourceDate "2021.09.30"]
[SourceVersion "1"]
[SourceVersionDate "2021.09.30"]
[SourceQuality "1"]
[WhiteTeam "Uganda"]
[BlackTeam "Palestine"]
[WhiteTeamCountry "UGA"]
[BlackTeamCountry "PLE"]

1. e4 c5 2. Nf3 d6 3. d4 cxd4 4. Nxd4 Nf6 5. Nc3 a6 6. Be2 e6 7. Be3 Nbd7 8. g4 Nc5 9. f3 h6 10. h4 Qc7 11. Qd2 b5 12. a3 Bb7 13. 0-0-0 0-0-0 14. g5 Nh5 15. Rhg1 hxg5 16. hxg5 g6 17. Kb1 Kb8 18. Ndxb5 axb5 19. Nxb5 Qc6 20. Qa5 Be7 21. b4 Na6 22. Na7 Qc3 23. Bd4 Qc7 24. Bb6 Qc3 25. Bxa6 Rc8 26. Nxc8 Rxc8 27. Bd3 Rc6 28. b5 Qxa5 29. Bxa5 Rc8 30. Bd2 d5 31. a4 Bd6 32. a5 Nf4 33. Rh1 Nxd3 34. cxd3 Rc5 35. b6 Rb5+ 36. Ka2 dxe4 37. fxe4 Be5 38. Rb1 Ba6 39. Rxb5 Bxb5 40. Rh3 Kb7 41. Kb3 Ka6 42. Bc3 Bf4 43. Rh7 Be8 44. Rh8 Bb5 45. Ra8+ Kb7 46. Ra7+ Kb8 47. Rxf7 e5 48. d4 Bxg5 49. dxe5 Bd3 50. e6 Bxe4 51. a6 Bd5+ 52. Kb4 Bh6 53. Rh7 Bf8+ 54. e7 Bxe7+ 55. Rxe7 1-0

[Event "Kampala op"]
[Site "Kampala"]
[Date "2020.03.07"]
[Round "4"]
[White "Egesa, Emmanuel"]
[Black "Namwanja, Roland Wakiibi"]
[Result "1-0"]
[WhiteElo "1997"]
[BlackElo "1733"]
[PlyCount "63"]
[EventDate "2020.03.06"]
[EventType "swiss"]
[EventRounds "7"]
[EventCountry "UGA"]
[SourceTitle "CBM 195 Extra"]
[Source "ChessBase"]
[SourceDate "2020.05.31"]
[SourceVersion "1"]
[SourceVersionDate "2020.05.31"]
[SourceQuality "1"]

1. c4 Nf6 2. g3 d5 3. Bg2 c6 4. cxd5 Nxd5 5. Nf3 g6 6. 0-0 Bg7 7. d4 0-0 8. e4 Nb6 9. Nc3 Bg4 10. Be3 Nc4 11. Qe2 Nxe3 12. fxe3 Nd7 13. e5 Rb8 14. h3 Be6 15. Ng5 Bd5 16. e4 f6 17. exd5 fxg5 18. Kh2 Qb6 19. Qc4 Kh8 20. b4 Rbc8 21. dxc6 bxc6 22. Na4 Qb5 23. Qxb5 cxb5 24. Nc5 Nxc5 25. bxc5 Rcd8 26. Rxf8+ Bxf8 27. d5 Bg7 28. Re1 Kg8 29. c6 Kf8 30. c7 Rc8 31. d6 exd6 32. exd6 1-0

[Event "Kampala Kantinti Memorial op"]
[Site "Kampala"]
[Date "2020.02.14"]
[Round "1"]
[White "Egesa, Emmanuel"]
[Black "Baryeija, Simon"]
[Result "1-0"]
[WhiteElo "1997"]
[BlackElo "1554"]
[PlyCount "47"]
[EventDate "2020.02.14"]
[EventType "swiss"]
[EventRounds "7"]
[EventCountry "UGA"]
[SourceTitle "EXT 2021"]
[Source "ChessBase"]
[SourceDate "2020.10.23"]
[SourceVersion "1"]
[SourceVersionDate "2020.10.23"]
[SourceQuality "1"]

1. c4 e5 2. g3 Bc5 3. Bg2 d6 4. Nc3 Nc6 5. e3 Nge7 6. h3 0-0 7. Nge2 a6 8. 0-0 Be6 9. d4 exd4 10. exd4 Ba7 11. d5 Bd7 12. dxc6 Nxc6 13. Nd5 Ne5 14. b3 c6 15. Ndc3 Qe7 16. Ba3 Bb8 17. Ne4 c5 18. Nf4 Bc6 19. Nd5 Bxd5 20. Qxd5 Rd8 21. Rfe1 Qc7 22. Rad1 Qc6 23. Qxe5 d5 24. cxd5 1-0

[Event "Kampala Zabasajja Memorial"]
[Site "Kampala"]
[Date "2020.01.31"]
[Round "2"]
[White "Abdullaahi, Hassan Ali"]
[Black "Egesa, Emmanuel"]
[Result "0-1"]
[WhiteElo "1508"]
[BlackElo "2029"]
[PlyCount "64"]
[EventDate "2020.01.31"]
[EventType "swiss"]
[EventRounds "7"]
[EventCountry "UGA"]
[SourceTitle "EXT 2021"]
[Source "ChessBase"]
[SourceDate "2020.10.23"]
[SourceVersion "1"]
[SourceVersionDate "2020.10.23"]
[SourceQuality "1"]

1. e4 c5 2. Bc4 e6 3. Nf3 a6 4. a3 Nf6 5. d3 d5 6. exd5 exd5 7. Ba2 Be7 8. 0-0 0-0 9. h3 h6 10. Nc3 b5 11. Re1 Bb7 12. d4 c4 13. Be3 b4 14. axb4 Bxb4 15. Bd2 Nc6 16. b3 Rc8 17. bxc4 dxc4 18. Ne2 c3 19. Bxc3 Bxc3 20. Nxc3 Nb4 21. Na4 Bxf3 22. Qxf3 Nxc2 23. Qd3 Nxe1 24. Rxe1 Qa5 25. Ra1 Rfd8 26. Qb3 Qh5 27. Nc5 Rxd4 28. Ne6 Rd7 29. Rb1 fxe6 30. Qxe6+ Kh8 31. g4 Qxh3 32. g5 Ng4 0-1

[Event "Kampala Kireka op 4th"]
[Site "Kampala"]
[Date "2019.12.30"]
[Round "8"]
[White "Egesa, Emmanuel"]
[Black "Lubega, Solomon Lwanga"]
[Result "0-1"]
[WhiteElo "1940"]
[BlackElo "2128"]
[PlyCount "101"]
[EventDate "2019.12.27"]
[EventType "swiss"]
[EventRounds "8"]
[EventCountry "UGA"]
[SourceTitle "EXT 2022"]
[Source "ChessBase"]
[SourceDate "2021.10.06"]
[SourceVersion "1"]
[SourceVersionDate "2021.10.06"]
[SourceQuality "1"]

1. c4 Nf6 2. Nc3 g6 3. g3 Bg7 4. Bg2 0-0 5. e4 d6 6. Nge2 Nbd7 7. 0-0 e5 8. d3 Nc5 9. f4 Bg4 10. h3 Bxe2 11. Nxe2 a5 12. f5 Nfd7 13. Be3 Nb8 14. Qd2 Nc6 15. Rad1 Nb4 16. Nc1 Nc6 17. Rf2 f6 18. h4 gxf5 19. exf5 Kh8 20. g4 Nd4 21. Ne2 Nxe2+ 22. Qxe2 c6 23. g5 Qe8 24. Qg4 Rf7 25. g6 Re7 26. Be4 Qf8 27. Qh5 h6 28. Rg2 Rd8 29. Kh1 Rdd7 30. Rdg1 Kg8 31. Bxh6 Bxh6 32. g7 Rxg7 33. Qxh6 Rxg2 34. Rxg2+ Rg7 35. Rg6 Nd7 36. h5 Rxg6 37. Qxg6+ Kh8 38. Kh2 Qe7 39. b3 Nf8 40. Qh6+ Kg8 41. a3 Nh7 42. b4 axb4 43. axb4 Qg7 44. Qg6 Nf8 45. Qg3 Qxg3+ 46. Kxg3 Kg7 47. Kg4 Kh6 48. Bf3 Nd7 49. Bg2 Nb6 50. Bf3 Na4 51. Bh1 0-1